Pikselert Verdenskart - Statistics

General Stats
  • This quiz has been taken 309 times
  • The average score is 948 of 1129
Answers on the Map
Answers color-coded by a green-red scale on the quiz's map according to % correct below.
 
Answer Stats
Land % Correct
Canada
95%
Kina
95%
Norge
95%
Mexico
94%
USA
94%
Australia
93%
Danmark
92%
Finland
92%
Russland
92%
Brasil
91%
Island
91%
Argentina
90%
Frankrike
90%
Sverige
90%
Tyskland
89%
Spania
88%
Japan
87%
Chile
86%
Egypt
86%
Irland
86%
Polen
86%
India
85%
Italia
83%
Mongolia
83%
Peru
83%
Sør-Afrika
83%
Storbritannia
83%
Nord-Korea
81%
Sør-Korea
81%
Colombia
80%
Madagaskar
80%
Nederland
80%
Den demokratiske republikken Kongo
79%
Republikken Kongo
79%
Tyrkia
79%
Indonesia
78%
Iran
77%
New Zealand
77%
Thailand
77%
Ukraina
77%
Marokko
76%
Saudi-Arabia
76%
Venezuela
76%
Bolivia
75%
Uruguay
75%
Niger
74%
Nigeria
74%
Algerie
72%
Paraguay
72%
Irak
71%
Libya
70%
Hellas
69%
Litauen
68%
Pakistan
68%
Somalia
68%
Kasakhstan
67%
Kenya
67%
Sudan
67%
Ecuador
66%
Hviterussland
66%
Mali
66%
Vietnam
66%
Afghanistan
65%
Filippinene
64%
Oman
64%
Romania
63%
Surinam
63%
Syria
63%
Namibia
62%
Tanzania
62%
Jemen
61%
Østerrike
61%
Eritrea
60%
Sør-Sudan
60%
Angola
58%
Laos
58%
Tunisia
58%
Bulgaria
57%
Etiopia
57%
Guyana
57%
Nepal
57%
Serbia
57%
Tsjekkia
57%
Turkmenistan
56%
Jordan
53%
Ungarn
53%
Zimbabwe
53%
Senegal
52%
Zambia
52%
Ghana
51%
Guatemala
51%
Mauritania
51%
Uganda
51%
Bangladesh
50%
Myanmar
50%
Botswana
49%
Tsjad
49%
Guinea
48%
Nicaragua
48%
Usbekistan
48%
Kamerun
47%
Malaysia
46%
Mosambik
44%
Gabon
43%
Papua Ny-Guinea
43%
Den sentralafrikanske republikk
42%
Elfenbenskysten
39%
Kambodsja
39%
Kirgisistan
39%
Benin
37%
Aserbajdsjan
35%
Burkina Faso
34%
Sierra Leone
33%
Tadsjikistan
30%
No matching quizzes found
Score Distribution
Percent of People with Each Score
Percentile by Number Answered
Your Score History
You have not taken this quiz